Environmental Science: (Record no. 5451)
[ view plain ]
| 000 -LEADER | |
|---|---|
| fixed length control field | 00635nam a22001937a 4500 |
| 005 - DATE AND TIME OF LATEST TRANSACTION | |
| control field | 20250412162105.0 |
| 008 - FIXED-LENGTH DATA ELEMENTS--GENERAL INFORMATION | |
| fixed length control field | 250412b |||||||| |||| 00| 0 eng d |
| 020 ## - INTERNATIONAL STANDARD BOOK NUMBER | |
| International Standard Book Number | 9780073218816 |
| 050 ## - LIBRARY OF CONGRESS CALL NUMBER | |
| Classification number | GE105 |
| Item number | .C86 CUN |
| 100 ## - MAIN ENTRY--PERSONAL NAME | |
| Personal name | Cunningham William P. |
| 245 ## - TITLE STATEMENT | |
| Title | Environmental Science: |
| Remainder of title | A global concern/ |
| Statement of responsibility, etc. | William P. Cunningham, Mary Ann Cunningham & Barbara Woodworth Saigo |
| 250 ## - EDITION STATEMENT | |
| Edition statement | 9th Ed. |
| 260 ## - PUBLICATION, DISTRIBUTION, ETC. | |
| Place of publication, distribution, etc. | Boston |
| Name of publisher, distributor, etc. | McGraw-Hill Education |
| Date of publication, distribution, etc. | 2007 |
| 300 ## - PHYSICAL DESCRIPTION | |
| Extent | xvi. 620p. |
| Other physical details | ill. maps. (some col.) |
| Dimensions | 29 cm |
| 650 ## - SUBJECT ADDED ENTRY--TOPICAL TERM | |
| Source of heading or term | Geography |
| 700 ## - ADDED ENTRY--PERSONAL NAME | |
| Personal name | Cunningham Mary Ann |
| 700 ## - ADDED ENTRY--PERSONAL NAME | |
| Personal name | Saigo Barbara Woodworth |
| 942 ## - ADDED ENTRY ELEMENTS (KOHA) | |
| Source of classification or shelving scheme | Library of Congress Classification |
| Koha item type | Books |
| Edition | 9th Ed. |
| Suppress in OPAC | No |
| 999 ## - | |
| -- | 5451 |
| -- | 5451 |
| Withdrawn status | Lost status | Source of classification or shelving scheme | Damaged status | Not for loan | Collection | Home library | Current library | Shelving location | Date acquired | Total checkouts | Full call number | Barcode | Date last seen | Copy number | Price effective from | Koha item type |
|---|---|---|---|---|---|---|---|---|---|---|---|---|---|---|---|---|
| Library of Congress Classification | Non-fiction | Business Library (Miotso) | Business Library (Miotso) | General stacks | 04/12/2025 | GE105 .C86 CUN | BSSM00001827 | 04/12/2025 | 1 | 04/12/2025 | Books | |||||
| Library of Congress Classification | Non-fiction | Business Library (Miotso) | Business Library (Miotso) | General stacks | 04/12/2025 | GE105 .C86 CUN | BSSM00001828 | 04/12/2025 | 2 | 04/12/2025 | Books | |||||
| Library of Congress Classification | Non-fiction | Business Library (Miotso) | Business Library (Miotso) | General stacks | 04/12/2025 | GE105 .C86 CUN | BSSM00001829 | 04/12/2025 | 3 | 04/12/2025 | Books | |||||
| Library of Congress Classification | Non-fiction | Business Library (Miotso) | Business Library (Miotso) | General stacks | 04/12/2025 | GE105 .C86 CUN | BSSM00001830 | 04/12/2025 | 4 | 04/12/2025 | Books |